Score 0/45 Timer 05:00
1 Play Today
Hint 4-Letter Word % Correct
✥ Set of cards dealt to a player ✥HAND
94.1%
Make smooth with gritty paperSAND
94%
12 inch segmentsFEET
93.2%
Provide nourishmentFEED
93.2%
Shut with forceSLAM
93%
Dispatch by postSEND
92.7%
Embryonic plant kernelSEED
91.7%
Sequence of waiting people LINE
91.7%
✥ Corpse ✥BODY
91.7%
AccomplishmentFEAT
91.5%
Elmer's adhesive substance GLUE
91.3%
✥ Number of rectangle sides ✥FOUR
91.1%
✥ Solo ✥LONE
90.3%
✥ Sensation of dread ✥FEAR
89.8%
Tusked Eurasian wild pigBOAR
89.4%
Squalid urban areaSLUM
89%
Informal talkCHAT
88.8%
Cloth junctionSEAM
88.4%
Road feeTOLL
88.4%
Small water vesselBOAT
88.1%
Fly or sail at great height SOAR
88.1%
Dejected, moroseGLUM
87.2%
Char surfaceSEAR
85.9%
Hint 4-Letter Word % Correct
Layer of paintCOAT
85.8%
Rule violationFOUL
85.6%
Rendered acidic by fermentationSOUR
85.2%
✥ Rubber outer wheel (US sp.) ✥TIRE
81.8%
RippedTORE
81.8%
Portend, be an omenBODE
80.3%
✥ Second journalistic question ✥WHAT
80.2%
Heavy laborTOIL
79%
Vein of metal oreLODE
78.9%
Deciduous or coniferous plantTREE
78.8%
Fencing weaponFOIL
78.3%
Archaic form of 'you'THEE
77.8%
Lacquered tinplateTOLE
77.7%
Accurate, correctTRUE
76.9%
Old man of scythe and hourglassTIME
73.4%
✥ Predatory monster in Zork series ✥GRUE
73.4%
Sharpen a bladeWHET
72.7%
Swedish opera singer JennyLIND
72.6%
Female red deerHIND
72.4%
Child's expression of exuberanceWHEE
71.6%
Large scholarly workTOME
70.1%
✥✥ COMMON BOND ✥✥SOME
43.1%

Today's Daily Dose

Word Ladder
Silence

Get the Picture
Philly Team Facts

You're not logged in!

Compare scores with friends on all Sporcle quizzes.
OR
Log In

Sporcle TV

Today on Sporcle TV


Watch our educational content, quiz creation guides, and fun videos on Sporcle TV.

Show Comments

Extras

Top Quizzes Today


Score Distribution

Your Account Isn't Verified!

In order to create a playlist on Sporcle, you need to verify the email address you used during registration. Go to your Sporcle Settings to finish the process.

Report this User

Report this user for behavior that violates our Community Guidelines.

Details: